000 00414nam a22001817a 4500
003 MPLRDC
005 20220104143527.0
008 210129b ||||| |||| 00| 0 eng d
020 _a962-8389-07-6
082 _a292 LJM
100 _a李居明天文象馆编订
245 _a宿曜万年历
_c
250 _a初版
260 _a
_b扶正堂
_c
300 _b
650 _a占卜
942 _cBK
_o292 LJM
999 _c40789
_d40779